Wordt geladen...

Exercise physiology/

Bibliografische gegevens
Andere auteurs: Amit Arjun Budhe, Ed
Formaat: Printed Book
Gepubliceerd in: New Delhi: Sports Publication, 2013.
Onderwerpen:
LEADER 00771 a2200169 4500
020 |a 9788178797595 
082 |a 612.044  |b Q3 
245 |a Exercise physiology/  |c ed by Amit Arjun Budhe. 
260 |a New Delhi:  |b Sports Publication,  |c 2013. 
300 |a 188p. 
650 |a Exercise-Physiological aspects.  |9 20865 
650 |a Exercise physiology.  |9 20853 
700 |a Amit Arjun Budhe, Ed.  |9 20768 
942 |c BK 
999 |c 62795  |d 62795 
952 |0 0  |1 0  |4 0  |5 0  |6 612_044000000000000_Q3  |7 0  |9 54620  |a MGUL  |b MGUL  |c REF  |d 2014-01-31  |e Arunima books bill no 184 dated 30/01/2014  |g 495.00  |l 0  |o 612.044 Q3  |p 51504  |r 2014-10-29  |y BK 
952 |0 0  |1 0  |4 0  |6 612_044000000000000_Q31  |7 0  |9 65755  |a MGUL  |b MGUL  |c GEN  |d 2015-03-11  |e Arunima Books ABD-120 dated 20.01.2015  |g 495.00  |l 0  |o 612.044 Q3;1  |p 53055  |r 2015-08-04  |y BK